000 00402nam a2200157Ia 4500
008 210716s2010 xx 000 0 und d
020 _a9788131733097
041 _aeng
082 _a004 GOEA
100 _aGoel, Anita.
245 _aComputer fundamentals.
250 _a1
260 _aNew Delhi
_bPearson Education
_c2010
300 _axxiv,550
650 _aData processing, Computer science(004)
999 _c190645
_d190645